[Event "9. United Insurance 2009"]
[Site "Dahka BAN"]
[Date "2009.08.23"]
[Round "4.6"]
[White "Ismagambetov, Anuar"]
[Black "Lahiri, Atanu"]
[Result "0-1"]
[WhiteElo "2531"]
[BlackElo "2361"]
[PlyCount "114"]
[EventDate "2009.08.21"]
[EventType "swiss"]
[EventRounds "10"]
[EventCountry "BAN"]
[Source "lmi"]
[SourceDate "2009.08.21"]

1. b3 e5 2. Bb2 Nc6 3. e3 d5 4. Bb5 Bd6 5. f4 Qh4+ 6. g3 Qe7 7. Nf3 f6 8. Nc3
Be6 9. Qe2 a6 10. Bxc6+ bxc6 11. O-O-O Nh6 12. Na4 e4 13. Nd4 Bg4 14. Qf1 Bxd1
15. Qxd1 c5 16. Ne2 O-O 17. h3 c4 18. Kb1 Ba3 19. Bc3 Rab8 20. g4 c5 21. Rg1
Nf7 22. g5 fxg5 23. h4 Qd7 24. hxg5 Nd6 25. Ka1 Nf5 26. Be5 Rb7 27. Nec3 cxb3
28. cxb3 Rc8 29. Nb1 Bb4 30. a3 Ba5 31. Qc2 c4 32. b4 Bc7 33. Bb2 Bd6 34. Nbc3
Bf8 35. Rb1 Qe6 36. Ne2 a5 37. bxa5 Rb3 38. Nc1 Rb5 39. Bc3 Rxb1+ 40. Kxb1 Bxa3
41. Ka2 Bxc1 42. Qxc1 Rb8 43. Qa3 d4 44. exd4 Nxd4 45. Qc5 Qc6 46. Qxc6 Nxc6
47. Nb6 h5 48. gxh6 gxh6 49. Nxc4 h5 50. Ka3 h4 51. Ne5 Na7 52. Ka4 h3 53. Ng4
Kf7 54. f5 Nc6 55. Ne5+ Nxe5 56. Bxe5 Rd8 57. Bf4 Rxd2 0-1

[Event "9. United Insurance 2009"]
[Site "Dahka BAN"]
[Date "2009.08.23"]
[Round "4.7"]
[White "Grover, Sahaj"]
[Black "Bakre, Tejas"]
[Result "0-1"]
[WhiteElo "2310"]
[BlackElo "2453"]
[PlyCount "74"]
[EventDate "2009.08.21"]
[EventType "swiss"]
[EventRounds "10"]
[EventCountry "BAN"]
[Source "lmi"]
[SourceDate "2009.08.21"]

1. e4 c5 2. Nf3 d6 3. d4 cxd4 4. Nxd4 Nf6 5. Nc3 Nc6 6. Bg5 Qb6 7. Nb3 e6 8.
Bf4 Ne5 9. Be3 Qc7 10. f4 Nc6 11. g4 d5 12. e5 Nd7 13. Qd2 a6 14. O-O-O b5 15.
Bg2 Bb7 16. Qf2 Be7 17. h4 Na5 18. g5 Nc4 19. Bd4 b4 20. Ne2 g6 21. h5 Rg8 22.
Kb1 a5 23. Nec1 a4 24. Nd2 Na5 25. Bf1 Nc6 26. Nf3 a3 27. b3 Nxd4 28. Qxd4 Nc5
29. hxg6 hxg6 30. Bb5+ Bc6 31. Bxc6+ Qxc6 32. Nd3 Ne4 33. Rc1 Nc3+ 34. Ka1 Ne2
35. Qe3 Qc3+ 36. Kb1 Nxc1 37. Qxc1 Rc8 0-1

[Event "9. United Insurance 2009"]
[Site "Dahka BAN"]
[Date "2009.08.23"]
[Round "4.8"]
[White "Bitan, Banerjee"]
[Black "Abu Sufian, Shakil"]
[Result "1/2-1/2"]
[WhiteElo "2306"]
[BlackElo "2372"]
[PlyCount "91"]
[EventDate "2009.08.21"]
[EventType "swiss"]
[EventRounds "10"]
[EventCountry "BAN"]
[Source "lmi"]
[SourceDate "2009.08.21"]

1. d4 d5 2. c4 e5 3. dxe5 d4 4. Nf3 Nc6 5. a3 Be6 6. e3 dxe3 7. Qxd8+ Rxd8 8.
Bxe3 Nge7 9. Bg5 h6 10. Bxe7 Kxe7 11. Nbd2 g5 12. O-O-O Bg7 13. Re1 g4 14. Nh4
Bxe5 15. Ne4 b6 16. g3 Nd4 17. h3 gxh3 18. Bxh3 Bxc4 19. f4 Bf6 20. Nd2+ Ne2+
21. Kd1 Rxd2+ 22. Kxd2 Rd8+ 23. Ke3 Kf8 24. Nf5 Nd4 25. Kf2 Nxf5 26. Bxf5 Kg7
27. Rc1 Bd5 28. Rhd1 c5 29. b4 Bd4+ 30. Kf1 Kf6 31. Bg4 Rg8 32. bxc5 bxc5 33.
Rxc5 Bxc5 34. Rxd5 Rxg4 35. Rxc5 Rxg3 36. Ra5 Rf3+ 37. Kg2 Rxf4 38. Rxa7 Kg5
39. a4 f6 40. a5 Ra4 41. Rg7+ Kf5 42. Rh7 Kg6 43. Ra7 Ra3 44. a6 h5 45. Ra8 h4
46. a7 1/2-1/2

[Event "9. United Insurance 2009"]
[Site "Dahka BAN"]
[Date "2009.08.23"]
[Round "4.10"]
[White "Shrestha, Keshav"]
[Black "Islam, Kh. Aminul"]
[Result "0-1"]
[WhiteElo "2134"]
[BlackElo "2316"]
[PlyCount "54"]
[EventDate "2009.08.21"]
[EventType "swiss"]
[EventRounds "10"]
[EventCountry "BAN"]
[Source "lmi"]
[SourceDate "2009.08.21"]

1. e4 e5 2. Nf3 Nc6 3. Nc3 Nf6 4. Bb5 Nd4 5. Ba4 Bc5 6. d3 c6 7. O-O d6 8. Nxd4
Bxd4 9. h3 a5 10. a3 Be6 11. Ne2 Ba7 12. c3 Nh5 13. Kh2 Qh4 14. Be3 O-O 15. Qd2
Bxe3 16. Qxe3 f5 17. exf5 Rxf5 18. Bc2 Raf8 19. f3 Nf6 20. Kh1 Ng4 21. Qb6 R5f7
22. Kg1 Nh6 23. Qf2 Qg5 24. Kh2 Nf5 25. Rac1 Ne3 26. Rfe1 Bxh3 27. Ng3 Ng4+ 0-1

[Event "9. United Insurance 2009"]
[Site "Dahka BAN"]
[Date "2009.08.23"]
[Round "4.11"]
[White "Hamal, Manish"]
[Black "Rahman, Md. Taibur"]
[Result "1/2-1/2"]
[WhiteElo "2086"]
[BlackElo "2316"]
[PlyCount "149"]
[EventDate "2009.08.21"]
[EventType "swiss"]
[EventRounds "10"]
[EventCountry "BAN"]
[Source "lmi"]
[SourceDate "2009.08.21"]

1. e4 c5 2. Nf3 Nc6 3. d4 cxd4 4. Nxd4 e5 5. Nb5 d6 6. c4 Be7 7. Bd3 Nf6 8. O-O
Bg4 9. f3 Be6 10. Be3 O-O 11. N1c3 a6 12. Na3 Nh5 13. Nd5 Bg5 14. Bb6 Qd7 15.
Nc2 Rac8 16. Bf2 Bxd5 17. exd5 Ne7 18. Re1 Nf4 19. Ne3 g6 20. Qb3 b5 21. cxb5
Nxd3 22. Qxd3 Qxb5 23. Qxb5 axb5 24. Red1 Bxe3 25. Bxe3 Rc2 26. Rab1 Rfc8 27.
Kf1 h5 28. Bg5 Nf5 29. Rdc1 Rxc1+ 30. Rxc1 Rxc1+ 31. Bxc1 Ne7 32. b3 Nxd5 33.
a4 bxa4 34. bxa4 Kf8 35. Bd2 Ke7 36. g4 Kd7 37. Ke2 Nb6 38. a5 Nc4 39. Be1 Kc6
40. Kd3 d5 41. gxh5 gxh5 42. f4 f6 43. fxe5 fxe5 44. Bc3 Kc5 45. Be1 Kb5 46.
Bc3 Kc5 47. Be1 e4+ 48. Kc2 d4 49. a6 Kb6 50. Bf2 Kxa6 51. Bxd4 Kb5 52. Kc3 Nd6
53. Bg1 Nf5 54. Ba7 Kc6 55. Kc4 Kd6 56. Bb8+ Ke6 57. Bf4 Nh4 58. Kd4 Kf5 59.
Bc7 Ng2 60. Bd6 Nf4 61. Bb8 Ne6+ 62. Ke3 Nc5 63. Bc7 Nd7 64. Bd8 Ne5 65. Bc7
Ng4+ 66. Kd4 h4 67. h3 Nf2 68. Bd8 Nxh3 69. Bxh4 Kf4 70. Be1 Kf3 71. Bd2 Nf4
72. Ke5 Nd3+ 73. Kf5 Nc5 74. Bh6 Nb3 75. Ke5 1/2-1/2

[Event "9. United Insurance 2009"]
[Site "Dahka BAN"]
[Date "2009.08.23"]
[Round "4.12"]
[White "Hasan, Mehdi"]
[Black "Mohammad, Javed"]
[Result "1-0"]
[WhiteElo "2236"]
[BlackElo "2204"]
[PlyCount "116"]
[EventDate "2009.08.21"]
[EventType "swiss"]
[EventRounds "10"]
[EventCountry "BAN"]
[Source "lmi"]
[SourceDate "2009.08.21"]

1. e4 c5 2. Nf3 a6 3. d4 cxd4 4. Nxd4 e5 5. Nf3 Nf6 6. Nc3 Bb4 7. Qd3 Nc6 8.
Bg5 O-O 9. Be2 d5 10. Nd2 d4 11. Ncb1 Be7 12. a3 Be6 13. O-O b5 14. Bxf6 Bxf6
15. Nf3 Rc8 16. Qd1 Na5 17. a4 Qb6 18. b3 Rfd8 19. Bd3 bxa4 20. Rxa4 Bd7 21.
Ra2 Bb5 22. Ne1 Nc6 23. Bxb5 axb5 24. Nd3 Ra8 25. Rxa8 Rxa8 26. Nd2 Ra2 27. Nf3
Qa5 28. Qb1 g6 29. g4 Qa8 30. Kg2 Ra7 31. Re1 Qc8 32. h3 Bg7 33. Qc1 Ra2 34.
Re2 b4 35. Qd2 Qb8 36. g5 Bf8 37. Nh2 Ra5 38. Ng4 Be7 39. Re1 Nd8 40. h4 Ne6
41. Qe2 Qc7 42. Qf3 Kg7 43. Re2 Nd8 44. Nf6 Qc6 45. Nd5 Qe6 46. N5xb4 Bxb4 47.
Nxb4 Rc5 48. Nd5 Qd6 49. b4 Rb5 50. Re1 Nc6 51. Rb1 Kf8 52. Qf6 Qxf6 53. gxf6
Rb7 54. b5 Ke8 55. b6 Kd7 56. Kg3 h5 57. f4 Ke6 58. Ra1 Nb8 1-0

[Event "9. United Insurance 2009"]
[Site "Dahka BAN"]
[Date "2009.08.23"]
[Round "4.13"]
[White "Hasan Md, Emam"]
[Black "Ahmed, Sk. Nasir"]
[Result "1-0"]
[WhiteElo "2130"]
[BlackElo "2291"]
[PlyCount "87"]
[EventDate "2009.08.21"]
[EventType "swiss"]
[EventRounds "10"]
[EventCountry "BAN"]
[Source "lmi"]
[SourceDate "2009.08.21"]

1. e4 c5 2. Nc3 a6 3. g3 b5 4. Bg2 Bb7 5. Nge2 e6 6. O-O Nf6 7. d3 d5 8. e5
Nfd7 9. f4 Qb6 10. f5 b4 11. fxe6 fxe6 12. Na4 Qc6 13. c4 bxc3 14. d4 cxb2 15.
Bxb2 Be7 16. dxc5 Nxc5 17. Nxc5 Bxc5+ 18. Bd4 Nd7 19. Kh1 Rf8 20. Bxc5 Rxf1+
21. Qxf1 Qxc5 22. Nf4 Nf8 23. Nh5 Qc7 24. Qf4 Ng6 25. Rc1 Qd7 26. Qg4 Kf7 27.
Bh3 Re8 28. Qb4 Rc8 29. Rf1+ Kg8 30. Bxe6+ Qxe6 31. Qxb7 Ne7 32. Re1 Rc2 33.
Nf4 Qg4 34. Qa8+ Rc8 35. Qxa6 Qf3+ 36. Kg1 Rc2 37. Qf1 Qa3 38. Ne6 Ng6 39. Qb5
Qa7+ 40. Kh1 h6 41. Qxd5 Kh7 42. Nf8+ Kh8 43. Nxg6+ Kh7 44. Ne7 1-0

[Event "9. United Insurance 2009"]
[Site "Dahka BAN"]
[Date "2009.08.23"]
[Round "4.15"]
[White "Bousmaha, Abderrahmane"]
[Black "Shrestha, Bilam Lal"]
[Result "1-0"]
[WhiteElo "2083"]
[BlackElo "2106"]
[PlyCount "81"]
[EventDate "2009.08.21"]
[EventType "swiss"]
[EventRounds "10"]
[EventCountry "BAN"]
[Source "lmi"]
[SourceDate "2009.08.21"]

1. e4 c5 2. Nf3 d6 3. d4 cxd4 4. Nxd4 Nf6 5. Nc3 a6 6. Bc4 Qc7 7. Bb3 Nbd7 8.
Bg5 b5 9. O-O Bb7 10. Re1 Rc8 11. Qe2 Qc5 12. Be3 Qh5 13. Qxh5 Nxh5 14. a4 b4
15. Nd5 e6 16. Nxb4 d5 17. exd5 Bxb4 18. c3 e5 19. cxb4 exd4 20. Bg5+ Kf8 21.
Re7 Re8 22. Rxd7 Bc8 23. Rc7 h6 24. Bd2 Nf6 25. b5 g6 26. b6 Kg7 27. b7 Bd7 28.
Bf4 g5 29. Bd6 Bf5 30. f3 d3 31. Bb4 Re2 32. g4 Rxb2 33. gxf5 Rxb3 34. Bc3 Rb8
35. Rc6 R3xb7 36. Rxf6 Kf8 37. Rd1 Rb1 38. Rxb1 Rxb1+ 39. Kf2 Rh1 40. Rxh6 Ke7
41. Ke3 1-0

[Event "9. United Insurance 2009"]
[Site "Dahka BAN"]
[Date "2009.08.23"]
[Round "4.16"]
[White "Nepali, Badrilal"]
[Black "Tandukar, Naveen"]
[Result "1/2-1/2"]
[WhiteElo "2162"]
[BlackElo "2133"]
[PlyCount "40"]
[EventDate "2009.08.21"]
[EventType "swiss"]
[EventRounds "10"]
[EventCountry "BAN"]
[Source "lmi"]
[SourceDate "2009.08.21"]

1. e4 c5 2. Nf3 Nc6 3. d4 cxd4 4. Nxd4 Nf6 5. Nc3 d6 6. Be3 e6 7. f3 a6 8. Qd2
Qc7 9. g4 Bd7 10. g5 Nh5 11. Be2 Ne5 12. O-O-O Nc4 13. Bxc4 Qxc4 14. Kb1 Rc8
15. f4 b5 16. Nce2 Be7 17. b3 Qc7 18. Rc1 Qb7 19. Qd3 g6 20. Ng3 b4 1/2-1/2

[Event "9. United Insurance 2009"]
[Site "Dahka BAN"]
[Date "2009.08.23"]
[Round "4.17"]
[White "Vinoth Kumar, M."]
[Black "Sultana, Sharmin Shirin"]
[Result "1-0"]
[WhiteElo "2208"]
[BlackElo "1974"]
[PlyCount "53"]
[EventDate "2009.08.21"]
[EventType "swiss"]
[EventRounds "10"]
[EventCountry "BAN"]
[Source "lmi"]
[SourceDate "2009.08.21"]

1. e4 e5 2. d3 Nc6 3. g3 Bc5 4. Bg2 Nf6 5. Nh3 d5 6. Nd2 dxe4 7. dxe4 Be6 8. c3
h6 9. f3 Qe7 10. Qe2 Rd8 11. Nf2 O-O 12. O-O a6 13. Nc4 Qd7 14. Ne3 Qc8 15. Kh1
b5 16. f4 Bxe3 17. Qxe3 Bc4 18. Rg1 Ng4 19. Nxg4 Qxg4 20. b3 Be6 21. f5 Bc8 22.
Bf3 Qg5 23. Qe2 Qe7 24. g4 f6 25. Be3 Rd7 26. h4 b4 27. Qc4+ 1-0

[Event "9. United Insurance 2009"]
[Site "Dahka BAN"]
[Date "2009.08.23"]
[Round "4.18"]
[White "Gaparkhoev, Islam"]
[Black "Bhuiyan, Golam Mostafa"]
[Result "0-1"]
[WhiteElo "2091"]
[BlackElo "2177"]
[PlyCount "88"]
[EventDate "2009.08.21"]
[EventType "swiss"]
[EventRounds "10"]
[EventCountry "BAN"]
[Source "lmi"]
[SourceDate "2009.08.21"]

1. c4 Nf6 2. g3 c6 3. Bg2 d5 4. b3 Bf5 5. Nf3 h6 6. Bb2 e6 7. O-O Nbd7 8. d3
Bb4 9. Nbd2 O-O 10. a3 Be7 11. b4 a6 12. h3 Qc7 13. Qb3 e5 14. Rac1 d4 15. a4
Rfe8 16. Nh2 a5 17. b5 Bb4 18. Ne4 Nxe4 19. dxe4 Nc5 20. Qc2 Bh7 21. f3 Qd6 22.
Rfd1 Qg6 23. g4 Qg5 24. Nf1 h5 25. Ra1 hxg4 26. fxg4 Re6 27. Bc1 Qh4 28. Ba3
Rf6 29. Bxb4 axb4 30. e3 d3 31. Qd2 Bxe4 32. a5 Nb3 33. Bxe4 Nxd2 34. Rxd2 Qxh3
35. Bg2 Qxg4 36. a6 bxa6 37. bxa6 e4 38. a7 Rg6 39. Rf2 f5 40. Ra5 Rg5 41. Nh2
Qd1+ 42. Nf1 g6 43. Rb2 b3 44. Ra3 Qc2 0-1

[Event "9. United Insurance 2009"]
[Site "Dahka BAN"]
[Date "2009.08.23"]
[Round "4.19"]
[White "Ikramul, Haque Siam"]
[Black "Karma, Pandya"]
[Result "0-1"]
[WhiteElo "1984"]
[BlackElo "2128"]
[PlyCount "104"]
[EventDate "2009.08.21"]
[EventType "swiss"]
[EventRounds "10"]
[EventCountry "BAN"]
[Source "lmi"]
[SourceDate "2009.08.21"]

1. e4 c5 2. Nf3 Nc6 3. d4 cxd4 4. Nxd4 Nf6 5. Nc3 e5 6. Ndb5 d6 7. Bg5 a6 8.
Na3 b5 9. Nd5 Be7 10. Bxf6 Bxf6 11. c4 b4 12. Qa4 Bd7 13. Nb5 axb5 14. Qxa8
Qxa8 15. Nc7+ Ke7 16. Nxa8 Rxa8 17. cxb5 Nd4 18. Bd3 b3 19. a4 Bxb5 20. Bxb5
Nxb5 21. Kd2 Nd4 22. a5 Kd7 23. Kd3 Bd8 24. a6 Nc2 25. Ra4 Rxa6 26. Rxa6 Nb4+
27. Kc4 Nxa6 28. Kxb3 Nc5+ 29. Kc4 Nxe4 30. f3 Nc5 31. b4 Ne6 32. Ra1 Nc7 33.
b5 d5+ 34. Kb4 Be7+ 35. Ka5 Na8 36. Rc1 Bd8+ 37. Ka6 Nc7+ 38. Kb6 d4 39. g4
Nd5+ 40. Kc5 Nc3 41. Rc2 Be7+ 42. Kb6 Nd5+ 43. Kb7 d3 44. Rd2 Nb4 45. b6 Bc5
46. h4 Be3 47. Rd1 d2 48. Ka8 Kd6 49. b7 Nc6 50. Ra1 Kd5 51. b8=Q Nxb8 52. Kxb8
Kd4 0-1

[Event "9. United Insurance 2009"]
[Site "Dahka BAN"]
[Date "2009.08.24"]
[Round "5.2"]
[White "Mchedlishvili, Mikheil"]
[Black "Khusnutdinov, Rustam"]
[Result "1-0"]
[WhiteElo "2592"]
[BlackElo "2506"]
[PlyCount "101"]
[EventDate "2009.08.21"]
[EventType "swiss"]
[EventRounds "10"]
[EventCountry "BAN"]
[Source "lmi"]
[SourceDate "2009.08.21"]

1. d4 Nf6 2. c4 e6 3. Nf3 Bb4+ 4. Nbd2 b6 5. e3 Bb7 6. Bd3 O-O 7. O-O d5 8. a3
Be7 9. cxd5 exd5 10. b4 c5 11. bxc5 bxc5 12. dxc5 Nbd7 13. Nb3 Nxc5 14. Nxc5
Bxc5 15. Bb2 Ne4 16. Nd4 Qg5 17. f4 Qg6 18. Rf3 Qh5 19. Qe1 Bc8 20. Rc1 Rb8 21.
Rc2 Rb6 22. Qc1 Bg4 23. Bxe4 Bxd4 24. Bxd4 dxe4 25. Rg3 Rg6 26. Bxa7 Qb5 27. h3
Be6 28. Kh2 Qa5 29. Bd4 Ra8 30. Rc5 Qa6 31. Qc3 Rxg3 32. Kxg3 Qd3 33. Qb2 Qb3
34. Qc1 f6 35. Rc3 Qb7 36. Qc2 Rc8 37. Rxc8+ Bxc8 38. Qc4+ Kh8 39. a4 h6 40. a5
Kh7 41. Kf2 Kh8 42. Ke1 Qb1+ 43. Kd2 Qb7 44. Kc3 Kh7 45. Bb6 Bd7 46. Kd4 Bc6
47. Qe6 Qa8 48. Kc5 Bb7 49. Qf5+ Kh8 50. Qd7 Qf8+ 51. Kb5 1-0

[Event "9. United Insurance 2009"]
[Site "Dahka BAN"]
[Date "2009.08.24"]
[Round "5.3"]
[White "Lahiri, Atanu"]
[Black "Gagunashvili, Merab"]
[Result "1/2-1/2"]
[WhiteElo "2361"]
[BlackElo "2574"]
[PlyCount "75"]
[EventDate "2009.08.21"]
[EventType "swiss"]
[EventRounds "10"]
[EventCountry "BAN"]
[Source "lmi"]
[SourceDate "2009.08.21"]

1. d4 d6 2. Nf3 g6 3. c4 Bg7 4. g3 Nd7 5. Bg2 e5 6. O-O Ne7 7. Nc3 O-O 8. e4
exd4 9. Nxd4 Nc6 10. Nc2 Re8 11. Ne3 Nc5 12. f3 a5 13. Rb1 Nd4 14. Nc2 Nc6 15.
Be3 Be6 16. Nd5 Ne5 17. b3 Ned3 18. Qd2 c6 19. Nf4 Nxf4 20. Bxf4 d5 21. cxd5
cxd5 22. exd5 Qxd5 23. Qxd5 Bxd5 24. Rbd1 Bc6 25. Be3 Bb5 26. Rf2 Nd3 27. Rfd2
Nb2 28. Rb1 Rac8 29. Bf1 Bd3 30. Bxd3 Nxd3 31. Bb6 Ne5 32. Kg2 Re6 33. Bg1 h6
34. Rbd1 Rec6 35. Nd4 Rc3 36. f4 Ng4 37. Nb5 Rc2 38. Nd6 1/2-1/2

[Event "9. United Insurance 2009"]
[Site "Dahka BAN"]
[Date "2009.08.24"]
[Round "5.4"]
[White "Neelotpal, Das"]
[Black "Hossain, Enamul"]
[Result "1/2-1/2"]
[WhiteElo "2474"]
[BlackElo "2531"]
[PlyCount "74"]
[EventDate "2009.08.21"]
[EventType "swiss"]
[EventRounds "10"]
[EventCountry "BAN"]
[Source "lmi"]
[SourceDate "2009.08.21"]

1. d4 c5 2. c3 cxd4 3. cxd4 d5 4. Nc3 Nf6 5. Nf3 a6 6. Bf4 e6 7. e3 Be7 8. Ne5
Nc6 9. Bd3 Nxe5 10. Bxe5 b5 11. Rc1 O-O 12. O-O Bb7 13. a4 b4 14. Na2 Rc8 15.
Rxc8 Bxc8 16. Bxf6 Bxf6 17. Nxb4 Qb6 18. Qd2 Qa5 19. Qc3 Qxa4 20. b3 Qa5 21.
Ra1 Qb6 22. Nxa6 Bxa6 23. Rxa6 Qb7 24. b4 Rc8 25. Qd2 e5 26. dxe5 Bxe5 27. b5
g6 28. g3 Kg7 29. Be2 Rd8 30. Qd3 d4 31. e4 Rc8 32. f4 Rc1+ 33. Bf1 Bf6 34. e5
Be7 35. Rc6 Rxc6 36. bxc6 Qxc6 37. Be2 Qc3 1/2-1/2

[Event "9. United Insurance 2009"]
[Site "Dahka BAN"]
[Date "2009.08.24"]
[Round "5.5"]
[White "Bakre, Tejas"]
[Black "Rausis, Igor"]
[Result "1/2-1/2"]
[WhiteElo "2453"]
[BlackElo "2512"]
[PlyCount "204"]
[EventDate "2009.08.21"]
[EventType "swiss"]
[EventRounds "10"]
[EventCountry "BAN"]
[Source "lmi"]
[SourceDate "2009.08.21"]

1. c4 e5 2. Nc3 Nf6 3. Nf3 Nc6 4. g3 Bb4 5. Nd5 Bc5 6. Bg2 d6 7. d3 Nxd5 8.
cxd5 Nd4 9. O-O Nxf3+ 10. Bxf3 Bh3 11. Bg2 Qd7 12. Bxh3 Qxh3 13. Qa4+ Qd7 14.
Qxd7+ Kxd7 15. Bd2 Rhc8 16. Rfc1 c6 17. dxc6+ Rxc6 18. e3 Rac8 19. Kf1 d5 20.
Ke2 Bb6 21. Rxc6 Rxc6 22. Rc1 Rxc1 23. Bxc1 e4 24. Bd2 Ke6 25. Bc3 g6 26. h3
Bc7 27. Bd4 a6 28. b3 h5 29. Bc3 Kf5 30. Bd4 Kg5 31. Bc5 Kf6 32. Bd4+ Ke6 33.
Bc3 f5 34. h4 Bb6 35. d4 Kf6 36. Kf1 g5 37. hxg5+ Kxg5 38. Kg2 Kg4 39. Bb4 Bd8
40. Bd6 h4 41. gxh4 Bxh4 42. Bb4 Bg5 43. Bd2 f4 44. Bc1 Bf6 45. Bd2 Bg7 46. Bc1
Bh6 47. Bd2 Bg5 48. Bc1 b6 49. a4 f3+ 50. Kh2 Bh4 51. Kg1 Be7 52. Bd2 a5 53.
Kh2 Bd6+ 54. Kg1 Kh3 55. Bc3 Bh2+ 56. Kf1 Kg4 57. b4 axb4 58. Bxb4 Bc7 59. Kg1
Kf5 60. Kh1 Ke6 61. Kg1 Kd7 62. Kh1 Kc6 63. Kg1 Kb7 64. Kh1 Bd8 65. Kg1 Ka6 66.
Kh1 b5 67. axb5+ Kxb5 68. Be7 Kc4 69. Kg1 Bc7 70. Kf1 Ba5 71. Bf6 Bb4 72. Bg5
Bf8 73. Ke1 Kb5 74. Kf1 Kc6 75. Kg1 Bd6 76. Kf1 Kd7 77. Kg1 Ke6 78. Kf1 Kf5 79.
Bd8 Bf8 80. Kg1 Bh6 81. Kf1 Ke6 82. Ke1 Kd7 83. Bf6 Kc6 84. Kd2 Kb5 85. Bh4 Kb4
86. Be7+ Kb3 87. Bd6 Bg5 88. Bf8 Kb2 89. Bd6 Bd8 90. Ke1 Kc2 91. Bf4 Bh4 92.
Bh6 Kc3 93. Bf4 Kb4 94. Bh6 Kb5 95. Bf4 Kc6 96. Bh6 Kd7 97. Kf1 Ke6 98. Kg1 Bf6
99. Kf1 Kf5 100. Kg1 Bh8 101. Kf1 Bf6 102. Kg1 Bh8 1/2-1/2

[Event "9. United Insurance 2009"]
[Site "Dahka BAN"]
[Date "2009.08.24"]
[Round "5.7"]
[White "Hasan Md, Emam"]
[Black "Sareen, Vishal"]
[Result "1-0"]
[WhiteElo "2130"]
[BlackElo "2369"]
[PlyCount "51"]
[EventDate "2009.08.21"]
[EventType "swiss"]
[EventRounds "10"]
[EventCountry "BAN"]
[Source "lmi"]
[SourceDate "2009.08.21"]

1. e4 e5 2. Nf3 Nc6 3. Bb5 a6 4. Ba4 Nf6 5. O-O Bc5 6. d3 b5 7. Bb3 d6 8. h3 h6
9. c3 O-O 10. Re1 Re8 11. Nbd2 d5 12. exd5 Nxd5 13. d4 Bb6 14. Nxe5 Nxe5 15.
Rxe5 Rxe5 16. dxe5 Bb7 17. Qg4 Ne3 18. fxe3 Bxe3+ 19. Kh1 Bxd2 20. Bxd2 Qxd2
21. Rf1 Kh8 22. Bxf7 Qe3 23. e6 Rd8 24. Bg6 Bd5 25. Qh4 Rb8 26. e7 1-0

[Event "9. United Insurance 2009"]
[Site "Dahka BAN"]
[Date "2009.08.24"]
[Round "5.8"]
[White "Islam, Kh. Aminul"]
[Black "Bitan, Banerjee"]
[Result "0-1"]
[WhiteElo "2316"]
[BlackElo "2306"]
[PlyCount "50"]
[EventDate "2009.08.21"]
[EventType "swiss"]
[EventRounds "10"]
[EventCountry "BAN"]
[Source "lmi"]
[SourceDate "2009.08.21"]

1. Nf3 Nf6 2. c4 g6 3. b4 Bg7 4. Bb2 O-O 5. g3 c6 6. Nc3 d5 7. cxd5 Nxd5 8. Qb3
Nb6 9. d3 Be6 10. Qc2 a5 11. b5 a4 12. Ne4 Bxb2 13. Qxb2 a3 14. Qb1 Qd5 15.
bxc6 Qa5+ 16. Ned2 Nxc6 17. Bg2 Na4 18. O-O Nc3 19. Qxb7 Ra7 20. Qxc6 Rc7 21.
Qxe6 fxe6 22. e3 Ne2+ 23. Kh1 Rc2 24. Nc4 Qc3 25. Nfe5 Rxf2 0-1

[Event "9. United Insurance 2009"]
[Site "Dahka BAN"]
[Date "2009.08.24"]
[Round "5.9"]
[White "Abdulla, A."]
[Black "Hamal, Manish"]
[Result "1-0"]
[WhiteElo "2320"]
[BlackElo "2086"]
[PlyCount "55"]
[EventDate "2009.08.21"]
[EventType "swiss"]
[EventRounds "10"]
[EventCountry "BAN"]
[Source "lmi"]
[SourceDate "2009.08.21"]

1. d4 d5 2. c4 e6 3. Nc3 Nf6 4. Bg5 Be7 5. Nf3 Nbd7 6. Qc2 Ne4 7. Bxe7 Qxe7 8.
cxd5 Nxc3 9. Qxc3 Nb6 10. dxe6 Bxe6 11. e3 O-O 12. Be2 Rac8 13. O-O c5 14. Qa3
Qc7 15. Rac1 c4 16. Nd2 Qd7 17. Bf3 Rc7 18. Rfd1 f5 19. Qxa7 Qb5 20. Qa3 Bd5
21. Qd6 Bxf3 22. Nxf3 Rc6 23. Qe7 Na4 24. Ne5 Nxb2 25. Nxc6 Qxc6 26. d5 Qc8 27.
Rd4 b5 28. Qb4 1-0

[Event "9. United Insurance 2009"]
[Site "Dahka BAN"]
[Date "2009.08.24"]
[Round "5.10"]
[White "Praveen Kumar, C."]
[Black "Ismagambetov, Anuar"]
[Result "1/2-1/2"]
[WhiteElo "2363"]
[BlackElo "2531"]
[PlyCount "41"]
[EventDate "2009.08.21"]
[EventType "swiss"]
[EventRounds "10"]
[EventCountry "BAN"]
[Source "lmi"]
[SourceDate "2009.08.21"]

1. d4 Nf6 2. c4 e6 3. Nc3 Bb4 4. e3 b6 5. Nge2 Ba6 6. Ng3 Bxc3+ 7. bxc3 d5 8.
Ba3 Bxc4 9. Bxc4 dxc4 10. Qa4+ Qd7 11. Qxc4 Qc6 12. Qxc6+ Nxc6 13. c4 O-O-O 14.
Ke2 Rhe8 15. Rhc1 Kb7 16. Rab1 Nb8 17. f3 Na6 18. Nf1 c6 19. Nd2 Kc7 20. c5 b5
21. Bb2 1/2-1/2

[Event "9. United Insurance 2009"]
[Site "Dahka BAN"]
[Date "2009.08.24"]
[Round "5.11"]
[White "Minhazuddin, Ahmed"]
[Black "Grover, Sahaj"]
[Result "1/2-1/2"]
[WhiteElo "2391"]
[BlackElo "2310"]
[PlyCount "82"]
[EventDate "2009.08.21"]
[EventType "swiss"]
[EventRounds "10"]
[EventCountry "BAN"]
[Source "lmi"]
[SourceDate "2009.08.21"]

1. e4 e6 2. d4 d5 3. Nd2 Nc6 4. c3 e5 5. Bb5 exd4 6. cxd4 dxe4 7. Nxe4 Bb4+ 8.
Nc3 Qd5 9. Qe2+ Nge7 10. Bxc6+ Qxc6 11. Qf3 Be6 12. Qxc6+ Nxc6 13. Nge2 O-O-O
14. Be3 Bc4 15. O-O-O Ne7 16. a3 Ba5 17. Kc2 Rhe8 18. b3 Be6 19. Rd2 f6 20. Re1
Bf7 21. b4 Bb6 22. Ng3 Nd5 23. Nxd5 Bxd5 24. f3 Bf7 25. Kc3 a5 26. Bf2 Rxe1 27.
Bxe1 axb4+ 28. axb4 Rd6 29. Ne4 Rc6+ 30. Nc5 Bxc5 31. dxc5 Ra6 32. Bg3 Ra3+ 33.
Kc2 Bc4 34. Rd4 Bf7 35. Kb2 Ra2+ 36. Kc3 c6 37. Bd6 Bd5 38. Rd2 Ra3+ 39. Kd4
Kd7 40. b5 Ra4+ 41. Ke3 Ra2 1/2-1/2

[Event "9. United Insurance 2009"]
[Site "Dahka BAN"]
[Date "2009.08.24"]
[Round "5.12"]
[White "Rahman, Md. Taibur"]
[Black "Bousmaha, Abderrahmane"]
[Result "1-0"]
[WhiteElo "2316"]
[BlackElo "2083"]
[PlyCount "67"]
[EventDate "2009.08.21"]
[EventType "swiss"]
[EventRounds "10"]
[EventCountry "BAN"]
[Source "lmi"]
[SourceDate "2009.08.21"]

1. d4 d5 2. c4 c6 3. Nf3 Nf6 4. Nc3 dxc4 5. a4 Bf5 6. Ne5 e6 7. f3 Bb4 8. e4
Bg6 9. Bxc4 Nbd7 10. Qb3 a5 11. Bg5 Nb6 12. Rd1 Nxc4 13. Nxc4 h6 14. Bh4 Bh7
15. O-O g5 16. Bg3 Nh5 17. d5 Nxg3 18. hxg3 exd5 19. exd5 O-O 20. dxc6 Qb8 21.
cxb7 Qxb7 22. Kh2 Qa6 23. Ne5 Bf5 24. Nd5 Be6 25. Nf6+ Kg7 26. Nh5+ Kh8 27. Qe3
Kh7 28. Qd4 Qa7 29. Qe4+ f5 30. Qc6 Qe7 31. Nd7 Rac8 32. Qb7 Kg6 33. g4 Bd6+
34. Kh1 1-0

[Event "9. United Insurance 2009"]
[Site "Dahka BAN"]
[Date "2009.08.24"]
[Round "5.13"]
[White "Chatterjee, Debaraj"]
[Black "Vinoth Kumar, M."]
[Result "0-1"]
[WhiteElo "2281"]
[BlackElo "2208"]
[PlyCount "76"]
[EventDate "2009.08.21"]
[EventType "swiss"]
[EventRounds "10"]
[EventCountry "BAN"]
[Source "lmi"]
[SourceDate "2009.08.21"]

1. d4 d6 2. Nf3 g6 3. c4 Nd7 4. Nc3 Bg7 5. e4 e5 6. Be2 Nh6 7. h3 f6 8. Be3 Nf7
9. O-O O-O 10. dxe5 dxe5 11. Qc2 c6 12. c5 Qe7 13. b4 Re8 14. Bc4 Nf8 15. Rfd1
Ne6 16. Qb3 Kh8 17. Rd3 f5 18. Rad1 f4 19. Bc1 Nfg5 20. Nxg5 Qxg5 21. Ne2 Qh5
22. Rd6 Ng5 23. Rd8 Be6 24. Rxa8 Rxa8 25. Bxe6 Nxe6 26. f3 Re8 27. Rd7 Qh4 28.
Kf1 g5 29. Bb2 h5 30. Rd6 Nd8 31. Bc3 g4 32. Nxf4 Qg5 33. Ne2 gxh3 34. gxh3 Rf8
35. Bd2 Qh4 36. Kg2 Kh7 37. Ng3 Qe7 38. Nf5 Qe8 0-1